000 00303 a2200121 4500
020 _a0195470885
090 _c154
_d154
100 _aKenneth Minogue
245 _aPolitics
_bA very short introduction
260 _aKarachi
_bOxford University Press
_c1995
300 _a118 P
942 _aNBS
_cBK
_k320 MIN
999 _c342730
_d342730